header

Making strange (Record no. 206860)

MARC details
000 -LEADER
fixed length control field 01393nam a2200337Ia 4500
100 1# - MAIN ENTRY--AUTHOR NAME
Personal name Grabes, Herbert.
245 10 - TITLE STATEMENT
Title Making strange
260 ## - PUBLICATION, DISTRIBUTION, ETC. (IMPRINT)
Place of publication Amsterdam ;
-- New York, NY :
Name of publisher Rodopi,
Year of publication 2008.
300 ## - PHYSICAL DESCRIPTION
Number of Pages xiii, 172 p., 16 p. of plates :
Other physical details ill. (chiefly col.).
490 1# - SERIES STATEMENT
Series statement Postmodern studies ;
650 #0 - SUBJECT ADDED ENTRY--TOPICAL TERM
Topical Term Postmodernism.
Topical Term Art, Modern
Topical Term Avant-garde (Aesthetics)
Topical Term Art and literature
856 40 - ELECTRONIC LOCATION AND ACCESS
Uniform Resource Identifier http://site.ebrary.com/lib/rucke/Doc?id=10380625

No items available.

© 2026 Rongo University
Contact us: librarian | system librarian | Rongo university